000 00769nam a2200229Ii 4500
003 JO-AjNU
008 230605s9999||||xx |||||||||||||| ||und||
017 _a1997/7510
020 _a977-01-5236-6
040 _aJO-AjNU
_bara
_erda
_cJO-AjNU
041 _aara
050 1 4 _aQH442.P4312 1997
100 3 _aتاليف بنز،وليم ؛ ترجمة أحمد مستجير,
_eauthor
_957025
245 0 0 _aالهندسة الوراثية للجميع
264 3 1 _aالقاهرة: الهيئة المصرية العامة للكتاب، 1997
300 _a210ص
336 _atext
_btxt
_2rdacontent
337 _aunmediated
_bn
_2rdamedia
338 _avolume
_bnc
_2rdacarrier
490 0 _aالاعمال الفكرية
650 4 _aالوراثة- علم
_957026
999 _aA25530
_c29098
_d29098